000 00535cam a2200181 4500500
005 20260405003849.0
041 _afre
042 _adc
100 1 0 _aMoreau, Anne-Sophie
_eauthor
245 0 0 _aMuscle ton jeĀ !
260 _c2024.
500 _a55
690 _aAnne-Sophie Moreau
690 _aJeunes
690 _aMusculation
786 0 _nPhilosophie magazine | 182 | 9 | 2024-09-01 | p. 17-17 | 1951-1787
856 4 1 _uhttps://shs.cairn.info/magazine-philosophie-magazine-2024-9-page-17?lang=fr&redirect-ssocas=7080
999 _c2071588
_d2071588